后五十岁的选择 (Record no. 36015)

000 -LEADER
fixed length control field 00498nam a22001937a 4500
003 - CONTROL NUMBER IDENTIFIER
control field MPLRDC
005 - DATE AND TIME OF LATEST TRANSACTION
control field 20220104143033.0
008 - FIXED-LENGTH DATA ELEMENTS--GENERAL INFORMATION
fixed length control field 210129b ||||| |||| 00| 0 eng d
020 ## - INTERNATIONAL STANDARD BOOK NUMBER
International Standard Book Number 978-986-6759-87-1
082 ## - DEWEY DECIMAL CLASSIFICATION NUMBER
Classification number 192.1 DQYY
100 ## - MAIN ENTRY--PERSONAL NAME
Personal name 大前研一
245 ## - TITLE STATEMENT
Title 后五十岁的选择
Statement of responsibility, etc. 姚巧梅 译
250 ## - EDITION STATEMENT
Edition statement 初版
260 ## - PUBLICATION, DISTRIBUTION, ETC.
Place of publication, distribution, etc. 台湾
Name of publisher, distributor, etc. 天下杂志股份有限公司
Date of publication, distribution, etc. 2008
300 ## - PHYSICAL DESCRIPTION
Other physical details 253
490 ## - SERIES STATEMENT
Series statement 商业思潮系列: 03
650 ## - SUBJECT ADDED ENTRY--TOPICAL TERM
Topical term or geographic name entry element 修身
942 ## - ADDED ENTRY ELEMENTS (KOHA)
Koha item type Book
-- 192.1 DQYY
Holdings
Withdrawn status Lost status Source of classification or shelving scheme Damaged status Not for loan Collection code Home library Current library Shelving location Date acquired Cost, normal purchase price Total Checkouts Full call number Barcode Date last seen Date last checked out Price effective from Koha item type Public note
            Malaysian Public Library, Research and Development Centre Malaysian Public Library, Research and Development Centre   10/12/2007 50.00   192.1 DQYY 00036129 18/03/2021 17/11/2012 18/03/2021 Book mplrdc

© 2022. Malaysian Public Library, Research and Development Centre. All Right ReservedE-mailmplrdc@help.edu.my 

Powered by Koha